000
00347nam a2200133Ia 4500
008
100328s9999 xx 000 0 und d
082
_b
33189
100
_a
दिघे प्रभाकर
245
_a
अभिमान
260
_b
गुलमोहर
630
_a
अभिमान
730
_a
अभिमान
942
_c
BOOK
999
_c
523731
_d
523728